Statistics for Hard City To Country 2

Click here to take the quiz!

General Stats

  • This quiz has been taken 17 times
  • The average score is 12 of 20

Answer Stats

HintAnswer% Correct
Daytona BeachUSA
100%
PondicherryIndia
88%
Can ThoVietnam
82%
HohhotChina
76%
PassauGermany
76%
NaypidawMyanmar
76%
PalembangIndonesia
65%
PadovaItaly
65%
Port HarcourtNigeria
59%
IasiRomania
59%
CochabambaBolivia
53%
GanderCanada
53%
SurOman
53%
Baarle HertogBelgium
47%
GomaDemocratic Republic Of Congo
41%
MarugameJapan
41%
Baarle NassauNetherlands
41%
GimpoSouth Korea
41%
LautokaFiji
35%
Al-JawfLibya
18%

Score Distribution

Percentile by Number Answered

Percent of People with Each Score

Your Score History

You have not taken this quiz